El Caballero de la Armadura Oxidada
Gorde:
| Egile nagusia: | |
|---|---|
| Formatua: | Liburua |
| Hizkuntza: | gaztelania |
| Argitaratua: |
Barcelona, España:
Ediciones Obelisco,
2017
|
| Edizioa: | 46ª. edición |
| Saila: | Colección Nueva Conciencia
|
| Gaiak: | |
| Etiketak: |
Etiketa erantsi
Etiketarik gabe, Izan zaitez lehena erregistro honi etiketa jartzen!
|
MARC
| LEADER | 00000nam a2200000 a 4500 | ||
|---|---|---|---|
| 001 | UCI1420 | ||
| 003 | CL-VaPUC | ||
| 005 | 20220616110136.0 | ||
| 008 | 070629e20070000SP |||||||||||||||||spa|d | ||
| 999 | |c 435593 |d 435591 | ||
| 020 | |a 978-84-9777-230- | ||
| 040 | |c Pontificia Universidad Católica de Valparaíso | ||
| 082 | 0 | 4 | |a 813 FIS 2017 |2 21 |
| 100 | 0 | |a Fisher, Robert |e autor |9 518998 | |
| 245 | 1 | 3 | |a El Caballero de la Armadura Oxidada |
| 250 | |a 46ª. edición |b Nueva edición ilustrada con cuadernillo de actividades. | ||
| 260 | |a Barcelona, España: |b Ediciones Obelisco, |c 2017 | ||
| 300 | |a 108 páginas | ||
| 490 | 0 | |a Colección Nueva Conciencia | |
| 500 | |a c1. Donación Biblioteca Curauma. Recibido en GC 19/4/22 | ||
| 583 | |a last modification |c 20070629 00:00:00 |k Catalogador Asistente | ||
| 650 | 0 | |a Literatura estadounidense |9 317168 | |
| 942 | |c BK |2 ddc | ||
| 952 | |0 0 |1 0 |2 ddc |4 0 |6 813_000000000000000_FIS_2017 |7 0 |8 A |9 583026 |a BIBCUR |b BIBCUR |c GEN |d 2022-05-12 |e Donación |i 5651180 |l 2 |o 813 FIS 2017 |p 5651180 |r 2025-04-22 |s 2025-03-11 |t 1 |w 2022-05-12 |y BK |k CAC | ||